000 00751nam a2200253Ia 4500
003 OSt
005 20220918170931.0
006 a|||||r|||| 00| 0
007 ta
008 220917b |||||||| |||| 00| 0 eng d
020 _a9780826101013 (hbk)
_c2980.90
024 _a250,479
037 _b122, 10/02/2011, Mallika Books
_cTextual
040 _aARTS
_cARTS
_beng
041 _2eng
_aeng
082 _aSM, P9
100 _aGrigorenko Elenal L Ed.
_932399
245 0 _aMulticultural psychoeducational assessment
260 _aNew York
_bSpringer USA
_c2009
300 _axvi,516p.
_ccm.
650 _aPSYCHOLOGY
942 _hSM, P9
_cTEXL
_2CC
999 _c136758
_d136758